000
00236nam a2200097Ia 4500
008
190216s9999||||xx |||||||||||||| ||und||
100
_a
Veeramani R
245
0
_a
Ganitha Visleshana Thathwangal
260
_b
Kerala Basha Inst
942
_c
BK
999
_c
39976
_d
39976